Normal view MARC view
  • México

Entry Nombre Geográfico

Number of records used in: 6

001 - NÚMERO DE CONTROL

  • campo de control: 45547

003 - IDENTIFICADOR DE NUMERO DE CONTROL

  • campo de control: MX-MxUPN

005 - FECHA Y HORA DE LA ÜLTIMA TRANSACCIÓN

  • campo de control: 20231020174910.0

008 - DATOS DE LONGITUD FIJA

  • campo de control de longitud fija: 220804nn fnnnnbabc n ana d

040 ## - FUENTE DE CATALOGACIÓN

  • Agencia de catalogación original: MX-MxUPN
  • Lenguaje de catalogación: spa

151 ## - ENCABEZAMIENTO - NOMBRE GEOGRÁFICO

  • Nombre geográfico: México
  • Subdivisión general : Historia
  • Subdivisión cronológica : Revolución, 1910-1920

670 ## - FUENTE EN LA QUE SE LOCALIZARON DATOS

  • Cita de la fuente: Escamilla González, G. Lista de encabezamientos de materia, 1978 :
  • Información localizada: (México -- Historia -- Revolución, 1910-1917)

902 ## - CATALOGADOR

  • Catalogador: VíctorGodínez/201023